Biggest Cities in Morocco - Statistics

General Stats
  • This quiz has been taken 22 times
  • The average score is 7 of 10
Answer Stats
Population City % Correct
4,457,471 Casablanca
100%
2,069,287 Rabat
100%
1,359,989 Fez
95%
1,021,530 Marrakesh
95%
1,217,976 Tangier
95%
869,990 Agadir
80%
722,852 Meknes
65%
469,642 Tetouan
45%
583,116 Oujda
40%
566,802 Kenitra
25%
No matching quizzes found
Score Distribution
Percent of People with Each Score
Percentile by Number Answered
Your Score History
You have not taken this quiz